000 00967nam a2200277 i 4500
001 000006550
003 DO-SdBNP
005 20241112095550.0
007 ta
008 090901s2001 dr 000 0 spa d
020 _a9993483923
040 _aDO-SdBNP
_bspa
_cBNPHU
_erda
082 _a610.7117293
_bG216e
_222
100 1 _aGarcía Carrasco, Félix,
_d1920-2008
_eautor
_4aut.
_925358
245 1 3 _aLa educación médica en República Dominicana :
_brelación entre médicos dominicanos y puertorriqueños durante el siglo XX /
_cFélix García Carrasco.
264 1 _aSanto Domingo :
_bMediabyte,
_c2001.
300 _a247 páginas
_c22 cm.
336 _atexto
_btxt
_2rdacontent
337 _asin mediación
_bn
_2rdamedia
338 _avolumen
_bnc
_2rdacarrier
504 _aBibliográfía : p. 173-176 y 246-247
590 _aInventariado, 2024/ YL
650 4 _aMedicina
_xEnseñanza
_zRepública Dominicana
_918192
910 _aYLockward
942 _2ddc
_cLBS1
999 _c6341
_d6341